Statystyki dla Kpop grupy

Kliknij tutaj aby rozwiązać quiz!

Ogólne statystyki

  • Ten quiz został rozwiązany 698 razy
  • Średni wynik to 11 z 15

Statystyki odpowiedzi

KidolsGroup% Poprawnych
JisooBlackpink
97%
Jin
BTS
97%
SanaTwice
96%
RyujinItzy
92%
Minnie(G)i-dle
90%
GiselleAespa
86%
WendyRed Velvet
79%
BahiyyhKep1er
74%
LesseoIve
72%
SakuraLe Sserafim
72%
WheeinMamamoo
69%
Kim LipLoona
62%
KyujinNmixx
62%
NakoIz*one
51%
TaeyeonSNSD
32%

Rozkład punktacji

Percentyl według liczby udzielonych odpowiedzi

Procent ludzi z każdym wynikiem

Twoja historia wyników

Nie rozwiązałeś tego quizu